Plus grandes îles du monde sur une carte - Statistiques

Statistiques générales
  • Ce quiz a été pris 1 149 fois
  • Le résultat moyen est 41 sur 301
Réponses sur la Carte
Les réponses sont colorées sur une échelle allant du rouge au vert en fonction du pourcentage des utilisateurs qui les ont devinées à leur premier essai. Vous pouvez retrouver ces pourcentages ci-dessous.
 
Statistiques - réponses
Pays Superficie (km²) Île % Correct
Australie 7 595 342 Australie
97%
Danemark 2 130 800 Groenland
95%
Madagascar 587 041 Madagascar
95%
Royaume-Uni 209 331 Grande-Bretagne
93%
Irlande, Royaume-Uni 84 421 Irlande
92%
Islande 101 826 Islande
92%
Cuba 105 806 Cuba
85%
Sri Lanka 65 268 Sri Lanka
81%
République Dominicaine, Haïti 73 929 Hispaniola
79%
Jamaïque 11 190 Jamaïque
77%
Taïwan 35 883 Taïwan
75%
Australie 65 022 Tasmanie
75%
Italie 25 832 Sicile
74%
France 8 741 Corse
73%
Italie 23 949 Sardaigne
73%
Indonésie, Malaisie, Brunei 748 168 Bornéo
70%
Indonésie 138 794 Java
70%
Chypre, Royaume-Uni 9 234 Chypre
66%
Indonésie 443 066 Sumatra
65%
Indonésie, Papouasie-Nouvelle-Guinée 785 753 Nouvelle-Guinée
64%
Japon 78 719 Hokkaidō
63%
Canada 108 860 Terre-Neuve
61%
Grèce 8 350 Crète
60%
Japon 225 800 Honshū
59%
États-Unis 9 100 Porto Rico
50%
Nouvelle-Zélande 145 836 Île du Sud
49%
Nouvelle-Zélande 111 583 Île du Nord
48%
Argentine, Chili 47 992 Grande Île de la Terre de Feu
45%
Maurice 1 874 Île Maurice
45%
Indonésie, Timor Oriental 28 418 Timor
45%
Trinité-et-Tobago 5 009 Trinité
45%
Indonésie 5 416 Bali
44%
Canada 507 451 Île de Baffin
44%
Espagne 3 667 Majorque
44%
Philippines 109 965 Luçon
43%
France 16 648 Nouvelle-Calédonie
43%
Russie 72 493 Sakhaline
43%
Indonésie 180 681 Célèbes
42%
Japon 37 437 Kyūshū
42%
France 2 512 La Réunion
42%
Chine 33 210 Hainan
40%
Canada 217 291 Île Victoria
37%
France 1 128 Martinique
37%
Japon 18 545 Shikoku
37%
Canada 31 285 Île de Vancouver
31%
Philippines 97 530 Mindanao
31%
Grèce 1 410 Rhodes
31%
États-Unis 10 434 Hawaï
30%
Canada 196 236 Île d'Ellesmere
29%
Canada 5 620 Île du Prince-Édouard
25%
Papouasie-Nouvelle-Guinée 35 145 Nouvelle-Bretagne
25%
Suède 2 994 Gotland
23%
France 6 617 Grande Terre (Îles Kerguelen)
23%
Canada 70 028 Île Banks
22%
Grèce 1 633 Lesbos
22%
France 1 044 Tahiti
21%
Espagne 2 034 Tenerife
21%
Grèce 3 707 Eubée
20%
Japon 1 201 Okinawa
20%
Norvège 38 981 Spitzberg
20%
Indonésie 14 154 Florès
18%
Yémén 3 607 Socotra
18%
États-Unis 3 567 Long Island
16%
Philippines 12 189 Palawan
16%
Espagne 1 560 Grande Canarie
15%
Canada 55 247 Île Devon
15%
Russie 47 079 Île Severny
15%
Philippines 4 468 Cebu
14%
Papouasie-Nouvelle-Guinée 9 318 Île Bougainville
14%
Canada 7 941 Île d'Anticosti
14%
Canada 1 137 Île de Galles
14%
Danemark 7 031 Seeland
14%
Canada 10 311 Île du Cap-Breton
13%
États-Unis 6 675 Île du Prince-de-Galles (Alaska)
13%
Canada 33 339 Île du Prince-de-Galles (Canada)
13%
Russie 1 049 Île Hall
13%
- 49 070 Île Alexandre-Ier
12%
Corée du Sud 1 833 Jeju
12%
Indonésie 17 454 Céram
11%
Indonésie 10 711 Sumba
11%
Indonésie 18 040 Halmahera
10%
Russie 33 246 Île Ioujny
10%
États-Unis 9 310 Île Kodiak
10%
Canada 42 149 Île Melville
10%
Australie 5 786 Île Melville
10%
Canada 24 786 Île Somerset
10%
Canada 41 214 Île Southampton
10%
Indonésie 4 625 Lombok
10%
Philippines 13 075 Negros
10%
Royaume-Uni 3 718 Géorgie du Sud
9%
Canada 43 178 Île Axel Heiberg
9%
Papouasie-Nouvelle-Guinée 7 405 Nouvelle-Irlande
9%
Indonésie 14 386 Sumbawa
9%
Espagne 1 660 Fuerteventura
8%
Royaume-Uni 4 531 Grande Malouine
8%
Russie 11 206 Île Bolchevique
8%
Russie 14 204 Île de la Révolution d'Octobre
8%
Canada 15 848 Île du Prince-Patrick
8%
États-Unis 5 135 Île Saint-Laurent
8%
Russie 7 866 Île Wrangel
8%
États-Unis 1 545 Oahu
8%
Philippines 12 011 Panay
8%
Comores 1 013 Grande Comore
7%
Canada 16 042 Île Bathurst
7%
Australie 1 692 Île Bathurst
7%
Canada 13 111 Île du Roi-Guillaume
7%
Canada 9 521 Île Prince Charles
7%
Suède 1 342 Öland
7%
Bahamas 3 439 Andros (nord)
6%
Bahamas 1 448 Andros (Sud)
6%
Indonésie 11 413 Bangka
6%
Philippines 3 821 Bohol
6%
Îles Salomon 5 353 Guadalcanal
6%
Russie 1 170 Île Béring
6%
Chili 8 478 Île de Chiloé
6%
Russie 6 201 Île de Nouvelle-Sibérie
6%
Russie 23 200 Île Kotelny
6%
Philippines 7 368 Leyte
6%
Philippines 10 572 Mindoro
6%
Indonésie 4 048 Nias
6%
Estonie 2 673 Saaremaa
6%
Indonésie 4 478 Belitung
5%
Indonésie 8 473 Buru
5%
Danemark 2 985 Fyn
5%
- 4 463 Île Adélaïde
5%
Canada 3 001 Île Akimiski
5%
Canada 2 358 Île Cornwall
5%
Danemark 8 612 Île de Disko
5%
- 2 460 Île de Ross
5%
Canada 1 378 Île Graham
5%
Canada 6 361 Île Graham (Colombie Britannique)
5%
Australie 1 098 Île King
5%
Canada 4 463 Île Stefansson
5%
Indonésie 4 429 Madura
5%
Royaume-Uni 7 040 Malouine orientale
5%
États-Unis 1 884 Maui
5%
Philippines 12 849 Samar
5%
Russie 2 821 Terre George
5%
Norvège 1 288 Barentsøya
4%
Indonésie 4 408 Buton
4%
Bahamas 1373 Grand Bahama
4%
Canada 5 255 Île Amund Ringnes
4%
- 43 873 Île Berkner
4%
Canada 11 067 Île Bylot
4%
Canada 5 498 Île Coats
4%
Canada 6 995 Île Cornwallis
4%
Cuba 2 237 Île de la Jeunesse
4%
Canada 11 295 Île Ellef Ringnes
4%
Équateur 4 711 Île Isabela
4%
Australie 4 374 Île Kangourou
4%
Canada 5 048 Île Mackenzie King
4%
Canada 3 180 Île Mansel
4%
Canada 2 608 Île Moresby
4%
Chili 5 556 Île Wellington
4%
France 1 146 Lifou
4%
Danemark 1 243 Lolland
4%
Papouasie-Nouvelle-Guinée 1 940 Manus
4%
Philippines 3 220 Masbate
4%
Indonésie 2 542 Obi
4%
Indonésie 3 829 Siberut
4%
Indonésie 2 120 Alor
3%
Inde 1 536 Andaman du Centre
3%
Inde 1 317 Andaman du Nord
3%
Inde 1 262 Andaman du Sud
3%
États-Unis 1 049 Atka
3%
Philippines 1 234 Basilan
3%
Guinée Équatoriale 1 960 Bioko
3%
Îles Salomon 2 971 Choiseul
3%
Papouasie-Nouvelle-Guinée 1 437 Fergusson
3%
Russie 1 766 Grande Chantar
3%
Indonésie 1 720 Grande Natuna
3%
Canada 1 720 Île Air Force
3%
- 2 090 Île Anvers
3%
États-Unis 4 065 Île Baranof
3%
Canada 2 794 Île Borden
3%
Canada 1 059 Île Cameron
3%
- 1 780 Île Charcot
3%
États-Unis 4 362 Île de l'Amirauté
3%
Danemark 1 717 Île de la Société de Géographie
3%
Royaume-Uni 1 656 Île de Skye
3%
Russie 1 620 Île Graham Bell
3%
Chili 4 117 Île Hoste
3%
- 2 598 Île James Ross
3%
- 1 470 Île Joinville
3%
Russie 8 812 Île Komsomolets
3%
Chili 2 025 Île Magdalena
3%
États-Unis 2 183 Île Nelson
3%
Chili 5 110 Île Riesco
3%
- 7 910 Île Roosevelt
3%
Chili 3 688 Île Santa Inés
3%
Canada 1 126 Île Vanier
3%
Danemark 2 437 Île Ymer
3%
États-Unis 1 456 Kauai
3%
Indonésie 2 062 Laut
3%
Royaume-Uni 2 179 Lewis et Harris
3%
Îles Salomon 3 836 Malaita
3%
Îles Salomon 2 037 Nouvelle-Géorgie
3%
Papouasie-Nouvelle-Guinée 1 227 Nouvelle-Hanovre
3%
Indonésie 2 346 Peleng
3%
Canada 1 015 Resolution Island
3%
Îles Salomon 3 665 Santa Isabel
3%
Russie 1 050 Terre Alexandra
3%
Danemark 3 913 Terre de Milne
3%
Fidji 10 531 Viti Levu
3%
Indonésie 2 652 Wetar
3%
Indonésie 11 742 Yos Sudarso
3%
Indonésie 1 900 Bacan
2%
Russie 1 810 Bely
2%
Indonésie 1 904 Biak
2%
Indonésie 1 173 Bintan
2%
Philippines 1 492 Catanduanes
2%
Norvège 5 073 Edgeøya
2%
Vanuatu 3 956 Espiritu Santo
2%
Chili 1 188 Île Campana
2%
- 7 320 Île Carney
2%
Danemark 1 535 Île Clavering
2%
Chili 1 290 Île Dawson
2%
- 1 150 Île du Roi-George
2%
Canada 1 541 Île Eglington
2%
Australie 1 655 Île Fraser
2%
Russie 4 968 Île Kolgouïev
2%
- 3 300 Île Latady
2%
- 1 258 Île Mill
2%
Chili 2 473 Île Navarino
2%
Canada 1 372 Île Nottingham
2%
Russie 1 197 Île Oleni
2%
Canada 1 375 Île Pitt
2%
Canada 2 251 Île Princess Royal
2%
Canada 1 090 Île Rowley
2%
- 6 390 Île Siple
2%
- 3 600 Île Spaatz
2%
- 12 680 Île Thurston
2%
Mexique 1 190 Île Tiburón
2%
Indonésie 1 723 Kobroor
2%
Russie 1 490 Kounachir
2%
Indonésie 1 270 Lembata
2%
Îles Salomon 3 190 Makira
2%
Indonésie 1 229 Mangole
2%
Indonésie 2 034 Misool
2%
Indonésie 2 266 Morotai
2%
Indonésie 2 889 Muna
2%
Danemark 1 466 Nares Land
2%
Norvège 14 467 Nordaustlandet
2%
Russie 1 428 Ouroup
2%
Indonésie 1 109 Padang
2%
Myanmar 1 350 Ramree
2%
Indonésie 1 227 Rote
2%
Indonésie 1 190 Rupat
2%
Indonésie 1 623 Salawati
2%
Indonésie 2 913 Taliabu
2%
Indonésie 2 139 Trangan
2%
États-Unis 1 777 Umnak
2%
Fidji 5 587 Vanua Levu
2%
Danemark 4 685 Vendsyssel-Thy
2%
Indonésie 2 981 Yamdena
2%
Indonésie 2 278 Yapen
2%
Russie 1 764 Grande Beguitchev
1%
Russie 5 157 Grande Liakhov
1%
Bahamas 1 146 Great Abaco
1%
Bahamas 1 544 Great Inagua
1%
Norvège 2 205 Hinnøya
1%
Canada 1 150 Île Byam Martin
1%
États-Unis 5 388 Île Chichagof
1%
Chili 1 111 Île Clarence
1%
Chili 1 352 Île Desolación
1%
Canada 1 585 Île Flaherty
1%
Australie 1 333 Île Flinders
1%
Canada 1 308 Île Lougheed
1%
Chili 1 043 Île Madre de Dios
1%
Australie 1 002 Île Mornington
1%
États-Unis 4 227 Île Nunivak
1%
Russie 1 527 Île Pioneer
1%
Danemark 1 259 Île Shannon
1%
- 1 121 Île Sherman
1%
Nouvelle-Zélande 1 746 Île Stewart (Rakiura)
1%
Danemark 3 542 Île Traill
1%
États-Unis 4 119 Île Unimak
1%
Russie 3 383 Île Vaïgatch
1%
Russie 3 175 Itouroup
1%
Iran 1 445 Qechm
1%
Samoa 1 708 Savai'i
1%
Norvège 1 586 Senja
1%
Indonésie 1 604 Tanahbesar
1%
Indonésie 1 370 Tebing Tinggi
1%
Russie 2 055 Terre de Wilczek
1%
États-Unis 2 721 Unalaska
1%
Tanzanie 1 575 Unguja
1%
Samoa 1 125 Upolu
1%
Papouasie-Nouvelle-Guinée 3 155 Waigeo
1%
États-Unis 1 812 Afognak
0%
Australie 2 326 Groote Eylandt
0%
Russie 2 020 Île Aïon
0%
Chili 1 164 Île Aracena
0%
Russie 1 936 Île Karaguinsky
0%
États-Unis 1 936 Île Kuiu
0%
États-Unis 2 803 Île Kupreanof
0%
États-Unis 2 755 Île Revillagigedo
0%
Chili 1 063 Île Serrano
0%
Vanuatu 2 041 Malakula
0%
Russie 2 053 Paramouchir
0%
Indonésie 1 754 Simeulue
0%
Aucun quiz correspondant
Distribution des résultats
% des personnes avec chaque résultat
Percentile par nombre de réponses
Votre historique - résultats
Vous n’avez pas pris ce quiz